000 00704nam a22002057a 4500
001 114576
003 DR-UNIBE
005 20260428114100.0
008 260414b2000 pn ||||| |||| 00| 0 spa d
040 _aBIBLIOTECA UNIBE
_bspa
_cBIBLIOTECA UNIBE
041 _aspa
082 _aF 5829
110 2 _aFondo de las Naciones Unidas para la Infancia
_931619
245 1 3 _aLa convención sobre los derechos del niño
260 _aPanamá :
_bFondo de las Naciones Unidas para la Infancia :
_bÓrgano Judicial de la República de Panamá,
_c2000
300 _apaginación varias
650 7 _2lemb
_aDerechos del niño
710 2 _aÓrgano Judicial de la República de Panamá
_9204182
942 _2ddc
_cMX
999 _c114576
_d114576